01527nam a22003857a 4500003000500000005001700005008004100022010001000063011001000073035001000083040000900093090001000102100003500112245011700147260004000264300001100304502007500315590003700390590004100427590004100468590004100509590004200550650002100592650003200613650003200645650003600677650003600713901000700749942000900756949004300765949005500808999001700863952013300880952012801013CHAP20220329140626.0971013s1995 r 00010 d a54945 a55917 a60070 cCHAP aTesis00aCortez Arriola, José.928294 aEvaluación agronómica del maíz forrajero V-107, bajo dos sitemas de labranza en Chapingo, Edo. de México aChapingo, Méx. :bEl autor,c1995 a122 h. aTesis (Ing. Agr. Esp. en Zootecnia) -- UACH. Departamento de Zootecnia aALEPHb10c20130110lUCH01h1332 aBATCH-UPDb10c20130110lUCH01h1824 aBATCH-UPDb10c20130410lUCH01h1157 aBATCH-UPDb10c20130914lUCH01h1711 aCONVERSIONb10c20130109lUCH01h133014aLabranza.96430314aMaíz como forraje.97110914aMaízxRendimiento.97105114aMaízxValor nutritivo.97108014aMaízzMéxico (Edo.).971099 aBK cFOLL bBCcTESd-129638eTS1h28357i60070si bBCcTESd33724000088084eTS2fc.2h28358i60070si c54945d54945 00102local4053708TESISaBCbBCcPA_TESISd2019-12-31fTESISl0p33724000088084r2019-12-31 00:00:00tc.2w2019-12-31yTESIS 00102local4051708TESISaBCbBCcPA_TESISd2019-12-31fTESISl0oTesisp-129638r2019-12-31 00:00:00w2019-12-31yTESIS